Curso básico de ingeniería eléctrica (Record no. 143817)

MARC details
000 -LEADER
campo de control de longitud fija 00575nam a2200181 4500
001 - NÚMERO DE CONTROL
campo de control 143817
003 - IDENTIFICADOR DE NÚMERO DE CONTROL
campo de control ES-MaACL
005 - FECHA Y HORA DE LA ÚLTIMA TRANSACCIÓN
campo de control 20230906200900.0
007 - CAMPO FIJO DE DESCRIPCIÓN FÍSICA--INFORMACIÓN GENERAL
campo de control de longitud fija t|
008 - DATOS DE LONGITUD FIJA--INFORMACIÓN GENERAL
campo de control de longitud fija 070214s1968 sp r ||||1| spa d
100 1# - ENTRADA PRINCIPAL--NOMBRE DE PERSONA
Nombre de persona Shepherd, J.
9 (RLIN) 106088
245 10 - MENCIÓN DEL TÍTULO
Título Curso básico de ingeniería eléctrica
Resto del título : (teoría y problemas) /
Mención de responsabilidad, etc. J. Shepherd ; versión de Carlos Quintana Francia.
250 ## - MENCION DE EDICION
Mención de edición 1ª. ed.
260 ## - PUBLICACIÓN, DISTRIBUCIÓN, ETC.
Lugar de publicación, distribución, etc. Barcelona :
Nombre del editor, distribuidor, etc. Montesó,
Fecha de publicación, distribución, etc. 1968.
300 ## - DESCRIPCIÓN FÍSICA
Extensión 495 p. :
Otras características físicas il. ;
Dimensiones 22 cm.
700 1# - ENTRADA AGREGADA--NOMBRE PERSONAL
Nombre de persona Quintana Francia, Carlos.
9 (RLIN) 94686
852 ## - LOCALIZACIÓN
Ubicación ES-MaACL
Número de control de estantería C-34594
Sublocalización o colección R.67018
Holdings
Estatus retirado Estado de pérdida Estado de daño No para préstamo Biblioteca de origen Biblioteca actual Ubicación en estantería Fecha de adquisición Fuente de adquisición Total de préstamos Signatura topográfica completa Código de barras Visto por última vez Precio de reemplazo Tipo de ítem Koha
        Biblioteca del Ateneo de Madrid Biblioteca del Ateneo de Madrid Depósito 2 17/01/2008     C-34594 1149631 23/02/2023 23/02/2023 Libro impreso